000 00645nam a2200205 a 4500
005 20140310183608.0
008 120718s19uu xx 00 eng d
020 _a9714204054
050 _aT 58.5
_b.Al326 2003
100 _aAlbano, Gisela May A.
245 _aIntroduction to information technology /
_cGisela May A. Albano, Ronnel R. Atole, Rose Joy Y. Ariola.
260 _aBulacan, Philippines :
_bTrinitas Pub,
_c2003.
300 _a351 p. :
_bill. ;
_c25 cm.
500 _aIncludes index
521 _aIT
650 _aInformation technology
700 _aAtole, Ronnel R.
700 _aAriola, Rose Joy Y.
942 _cBK
_2lcc
_kLOC
999 _c25194
_d25194